01024nam a22003015 4500001000700000003000700007005001700014008004100031017005000072020001800122035002100140035001300161040002900174080001100203080001500214100003400229245010000263260003600363300001900399336002200418337003000440338002400470490002700494650003400521650003900555830003600594852009200630195842SpMaBN20250811095354.0240721s2007 sp | |||| 000 spa  aM 45767-2007bOficina Depósito Legal Madrid a9788495897558 a(OCoLC)433407783 aa3314473 aSpMaBNbspacSpMaBNerdc a612.82 a159.928.23 aMalabou, Catherine0XX443453410a¿Qué hacer con nuestro cerebro? / cCatherine Malabou ; traducción de Enrique Ruiz Girela. aMadrid :bArena Libros,c[2007] a91 p. ;c22 cm 2rdacontentatexto 2rdamediaasin mediación 2rdacarrieravolumen1 aTiempo al tiempo ;v12 4aCerebro-xFisiología2embne 7aAdaptación (Psicología)2embne aTiempo al tiempo (Madrid) ;v12 aES-MaACLcDEPOJjN-8856hDonación: EditorialxEncuaderanción: rústica con solapas